| Поле | Инд. | ПП | Название | Значение |
|---|---|---|---|---|
| Тип записи | a | |||
| Библиографический уровень | b | |||
| 001 | Контрольный номер | 64285ea17ac4440abd64d128f98a571e | ||
| 005 | Дата корректировки | 20210828083809.5 | ||
| 024 | 80 | a | Стандартный номер | DOI: 10.3390/ijms19123713 |
| 040 | a | Служба первич. каталог. | Scopus | |
| 041 | 0_ | a | Код языка текста | rus |
| 097 | a | Костяева О.Г. | ||
| 100 | 1_ | a | Автор | Bobkova E. |
| 100 | 1_ | a | Автор | Boreyko A. |
| c | Титул (звания) | доктор биологических наук | ||
| g | Прочие сведения | РИНЦ AuthorID: 118254 (http://elibrary.ru/author_items.asp?authorid=118254); Scopus Author ID: 6603328034 (https://www.scopus.com/authid/detail.uri?authorId=6603328034) | ||
| i | 000091016 | |||
| k | Кафедра биофизики; Факультет естественных и инженерных наук | |||
| q | Полное имя | Борейко Алла Владимировна | ||
| u | Дополнение | Борейко А. В.; Boreiko Alla V. | ||
| 100 | 1_ | a | Автор | Bulanova T. S. |
| g | Прочие сведения | Scopus Author ID: 57200332055 (https://www.scopus.com/authid/detail.uri?authorId=57200332055) | ||
| i | 100092846 | |||
| q | Полное имя | Буланова Татьяна Сергеевна | ||
| u | Дополнение | Буланова Т. С. | ||
| k | Кафедра биофизики; Факультет естественных и инженерных наук | |||
| 100 | 1_ | a | Автор | Kulikova E. A. |
| 100 | 1_ | a | Автор | Smirnova E. V. |
| 100 | 1_ | a | Автор | Krasavin E. A. |
| g | Прочие сведения | Scopus Author ID: 7004252367 (https://www.scopus.com/authid/detail.uri?authorId=7004252367) | ||
| i | 000091013 | |||
| q | Полное имя | Красавин Евгений Александрович | ||
| u | Дополнение | Красавин Е. А. | ||
| c | Титул (звания) | Член-корреспондент РАН; доктор биологических наук | ||
| k | Кафедра биофизики; Факультет естественных и инженерных наук | |||
| 245 | 10 | a | Заглавие | Recruitment of 53BP1 proteins for DNA repair and persistence of repair clusters differ for cell types as detected by single molecule localization microscopy |
| 773 | 18 | t | Название источника | International Journal of Molecular Sciences |
| d | Место и дата издания | 2018 | ||
| m | Специф. данные | входит в Scopus;входит в WoS;Входит в ядро РИНЦ;зарубежный журнал;ненулевой импакт-фактор | ||
| b | Сведения об издании | Molecular Diversity Preservation International | ||
| c | Швейцария | |||
| x | ISSN | 1422-0067 | ||
| g | Прочая информация | V. 19. - № 12. - P. 3713 | ||
| o | Прочие индексы | wos 3.687; scopus 3.90 | ||
| w | Контрольный № источника | f9683303115e448090ddd2dde91d1ee6 | ||
| 901 | t | Тип документа | b | |
| 952 | c | Вид литературы | статья в журнале |